| 000 | 00661nam a2200217Ia 4500 | ||
|---|---|---|---|
| 003 | GCL | ||
| 008 | 140319s9999 xx 000 0 eng d | ||
| 040 |
_aGCL / _cGCL |
||
| 082 | 0 | 4 |
_aCC _b916.2 _bM C |
| 100 | 1 | _aM.A, B.T AL- VETTS | |
| 245 | 1 | 0 |
_aTHE CHURCHES AND MONASTERIES OF EGYPT AND NEIGHBOURING COUNTRIES ( VAL 44 ) / _cM.A, B.T AL- VETTS |
| 700 | 1 | _aE.S.A, ALFRED J BULLER | |
| 700 | 1 | _aAL-ARMANI, ALI SALEH | |
| 260 |
_a[S.N] : _bINSTITUTE FOR HISTORY OF ARABIC ISLAMIC ، _c1995 |
||
| 300 | _a382 P | ||
| 650 | 0 | 4 | _aMONASTERIES - EGYPT |
| 650 | 0 | 4 | _aGEOGRAPHY |
| 650 | 0 | 4 | _aGEOGRAPHY - EGYPT |
| 650 | 0 | 4 | _aCHURCHES - EGYPT |
| 942 |
_2ddc _cBK |
||
| 999 |
_c16119 _d16119 |
||